• 首页
  • 本馆介绍
  • 公告通知
  • 最新文献
  • 馆藏检索
  • 电子资源
  • 读者导购
  • 参考咨询
  • 我的图书馆
  • 登录
  • 期刊详细显示
  • 现刊情况显示
  • 合订本情况显示
  • 篇目信息显示

期刊信息

  • 表格格式
  • 工作单格式
  • 卡片格式
索取号 
G64/WGJY
题名 
外国教育
作者 
中央教育科学研究所比较教育研究
分册号 
分册名 
出版地 
北京
出版者 
《外国语文教学》编辑部
标准刊号 
出版频率 
季刊
中图法分类 
G64
主题词 
教育 各级
电子资源 
000 00610nas0 2200181 45
001 0734230047
005 2007090409303004
100    @a20070904d km y0chiy0120 ea
101 0  @achi
110    @aahaz 0xx0
200 1  @a外国教育@AWai Guo Jiao Yu@f中央教育科学研究所比较教育研究@FZhong Yang Jiao Yu Ke Xue Yan Jiu Suo Bi Jiao Jiao Yu Yan Jiu
210    @a北京@c《外国语文教学》编辑部
326    @a季刊
606 0  @a教育@x各级
690    @aG64@v4
711 02 @a中央教育科学研究所比较教育研究@AZhong Yang Jiao Yu Ke Xue Yan Jiu Suo Bi Jiao Jiao Yu Yan Jiu
801  0 @aCN@bPFT@c20070904
905    @a213230@dG64@eWGJY
    
    外国教育/中央教育科学研究所比较教育研究.-北京:《外国语文教学》编辑部
    
    
    
    
    
●
相关链接: 在易读查询期刊 在中国知网中查询期刊 在万方数据查询期刊 在维普查询期刊
唐山师范学院图书馆 欢迎您!
大连网信软件有限公司© 版权所有